1548 1580 1665 1113 1385 1979 1058 1313 1031 1542 1015 1477 1553 1583 1017 1783 1461 1714 1679 1731 1726 1651 1599 1096 1854 1560 1909 1672 1640 1664 1501 1223 1810 1087 1765 1553 1527 1274 1168 1756 1009 1891 1353 1379 1817 1650 1491 1278 1810 1791 1183 1065 1546 1837 1710 1736 1909 1637 1188 1253 1060 1322 1777 1853 1967 1161 1986 1860 1566 1246 1288 1995 1608 1458 1648 1801 1615 1259 1724 1978 1755 1840 1365 1272 1395 1207 1501 1881 1833 1906 1050 1188 1830 1056 1560 1242 1173 1054 1781 BCNSPRNW ULIB Ver.6.0+V

เปลี่ยนเป็นภาษาไทย

Change to English
 แสดงรายละเอียดบรรณานุกรม
  กลับหน้าหลัก

Brief Record : Get Marc (ISO 2709) : E-mail record : QR code < ปิดหน้าต่าง
LEADER : 00000nam 2200000uu 4500
001    13399111381
003     ULIB
008    110623s2000||||th 000 0 eng d
020    1556424159
024    6781556424151
060  4 WQ200^bS837 2000
100 1  Stephenson,Rebecca G.
245 10 Obstetric and gynecologic care in physical therapy /^cRebecca G. Stephenson, Linda J. OConnor.
250    2nd ed.
260    Thorofare,N.J.:^bSlack Inc.;^c2000.
300    xvi, 322 p. :^bill. ;^c29 cm.
650  0 Womens Health
650  2 Obstetrics
650  2 Physical therapy^xpregnancy.
650  2 Pregnancy complications, Infectious.
650  2 Physical therapy^xmethods.
700 0  O Connor, Linda J.
945    ^p1355^l0^i012454
995     Kesorn
999 ^a ใช้งานได้ทุกระบบ
รายการนี้ยังไม่มีแท็ก
คุณยังไม่ได้ล็อกอิน คุณสามารถมีกิจกรรมร่วมกับเว็บไซต์ได้ แต่ต้องล็อกอินก่อน ::
  ล็อกอิน

รายการสื่อสารสนเทศ

ลำดับที่ ประเภท เลขเรียก/บาร์โค้ด สถานที่ สถานะ
- ไม่พบข้อมูล -

รายการใกล้เคียง
    หัวเรื่อง [Obstetrics]

BibComment


ยังไม่เคยถูกคอมเมนท์

คอมเมนท์ทรัพยากรรายการนี้
  คอมเมนท์: Obstetric and gyn..


 Copyright 2026. Bcnsprnw @Library